Yiddish Loan Words - Statistics

General Stats
  • This quiz has been taken 16,144 times
  • The average score is 11 of 20
Answer Stats
Hint Answer % Correct
A clumsy person Klutz
84%
A minor problem or error Glitch
77%
A nose, especially a large one Schnozz
77%
One's typical comic routine Shtick
67%
Audacity Chutzpah
66%
Smoked salmon Lox
63%
To chat someone up Schmooze
63%
A great guy, a person of integrity Mensch
60%
To snack Nosh
56%
A non-Jewish person Goy
55%
To carry with difficulty Schlep
55%
A thin pancake rolled and stuffed with cream Blintz
47%
A trinket Tchotchke
45%
Excessive sentimentality Schmaltz
44%
To complain Kvetch
43%
Zero, zilch, nothing Bupkis
42%
A woman who meddles in the business of others Yenta
42%
Crazy Meshugge
36%
To give unwanted suggestions especially in a card game Kibitz
28%
Pleasantly plump Zaftig
26%
No matching quizzes found
Score Distribution
Percent of People with Each Score
Percentile by Number Answered
Your Score History
You have not taken this quiz